LEADER 01420nam a2200289 i 4500 001 000000258152 003 CaOOAMICUS 005 20180417000000.0 008 180417s1992 it u000 u ita u 013 $a237060 020 $a88-13-17626-0 040 $aSeMil$bita 100 1 $aPajardi, Piero,$d<1926-1994>.$0(OLS)http://semarc/name/4096 245 10$aEtica in impresa :$becologia, famiglia e lavoro, tossicodipendenza, nuova immaginazione : Seminari Cis 1990 Etica in impresa Rocco di Valmadrera, Lecco /$cP. Pajardi ... [et al.] ; a cura di Fabio Corno. 260 $aPadova :$bCEDAM,$c1992. 300 $aXXXIX, 271 p. ;$c24 cm. 490 0 $aUomo-Impresa ;$v7 650 4$aEconomia e morale.$0(OLS)http://semarc/subject/6595 650 4$aEtica sociale.$0(OLS)http://semarc/subject/331 700 1 $aCorno, Fabio.$0(OLS)http://semarc/name/16708 830 0$aUomo-Impresa ;$v7.$0(OLS)http://semarc/title/38850 850 $aSeMil 852 $aSeMil$W1$xVenegono$y1$m3L IV 206/1$j208498$B208498$CSeMilBibl$Z2$F222595 $81 961 $aOmaggio: Delpini mons. Mario 996 $6020$a88-13-17626-0$9(OLS)http://semarc/number/283271 996 $6245$aEtica in impresa :$becologia, famiglia e lavoro, tossicodipendenza, nuova immaginazione : Seminari Cis 1990 Etica in impresa Rocco di Valmadrera, Lecco$9(OLS)http://semarc/title/413313 996 $6260$aPadova :$bCEDAM$9(OLS)http://semarc/publisher/30274 LEADER 01372nam a2200265 i 4500 001 000000108231 003 CaOOAMICUS 005 20101216000000.0 008 101216s1963 xx u000 u fre u 013 $a80870 040 $aSeMil$bita 245 12$aL'Initiation chrétienne :$bCyrille de Jérusalem... Ambroise de Milan... Jean Chrysostome... Théodore de Mopsueste... [etc.] /$ctextes recueillis et présentés par A. Hamman ; introduction de Jean Daniélou. 260 $aParis :$bGrasset,$c1963. 300 $a302 p. :$bill. ;$c19 cm. 490 0 $aLettres chretiennes ;$v7 650 4$aIniziazione cristiana.$0(OLS)http://semarc/subject/125 650 4$aPadri della Chiesa - Antologie.$0(OLS)http://semarc/subject/3222 700 1 $aHamman, Adalbert-Gautier,$c.$0(OLS)http://semarc/name/5498 700 1 $aDaniélou, Jean,$c.$0(OLS)http://semarc/name/50 830 0$aLettres chretiennes ;$v7.$0(OLS)http://semarc/title/20037 850 $aSeMil 852 $aSeMil$W1$xVenegono$y1$m2S II 296$j64327$B64327$CSeMilBibl$Z2$F158311 $81 961 $aOmaggio: Calcaterra don Carlo 996 $6245$aL'Initiation chrétienne :$bCyrille de Jérusalem... Ambroise de Milan... Jean Chrysostome... Théodore de Mopsueste... [etc.]$9(OLS)http://semarc/title/156891 996 $6260$aParis :$bGrasset$9(OLS)http://semarc/publisher/32984